MARC details
| 000 -LEADER |
| fixed length control field |
02187nam a2200277 a 4500 |
| 008 - FIXED-LENGTH DATA ELEMENTS--GENERAL INFORMATION |
| fixed length control field |
080109s1990 ||||||||||||||||| || u |
| 020 ## - INTERNATIONAL STANDARD BOOK NUMBER |
| International Standard Book Number |
0821314513 |
| 050 ## - LIBRARY OF CONGRESS CALL NUMBER |
| Classification number |
IBRD(058)DL |
| 110 ## - MAIN ENTRY--CORPORATE NAME |
| Corporate name or jurisdiction name as entry element |
World Bank |
| 245 10 - TITLE STATEMENT |
| Title |
Directory of libraries: The World Bank Depository Library Program |
| 260 ## - PUBLICATION, DISTRIBUTION, ETC. |
| Place of publication, distribution, etc. |
Washington, D.C. |
| Name of publisher, distributor, etc. |
World Bank |
| Date of publication, distribution, etc. |
1990- |
| 300 ## - PHYSICAL DESCRIPTION |
| Extent |
vii, 63p. |
| 350 ## - |
| -- |
0.00 |
| 362 1# - |
| -- |
1997, 1996, 1995, 1994, 1993, 1992, 1991, 1990 |
| 650 ## - SUBJECT ADDED ENTRY--TOPICAL TERM |
| Topical term or geographic name entry element |
WORLD BANK--DEPOSITORY LIBRARIES |
| 995 ## - |
| -- |
SPECIAL COLLECTIONS |
| -- |
0.00 |
| -- |
024806 |
| -- |
CBU-MAIN LIBRARY (Kitwe) |
| -- |
1 |
| -- |
0.00 |
| -- |
IBRD(058)DL/1991 |
| -- |
1991 |
| -- |
AVAILABLE |
| -- |
024806 |
| -- |
International Publications |
| 995 ## - |
| -- |
SPECIAL COLLECTIONS |
| -- |
0.00 |
| -- |
024980 |
| -- |
CBU-MAIN LIBRARY (Kitwe) |
| -- |
1 |
| -- |
0.00 |
| -- |
IBRD(058)DL/1992B |
| -- |
1992B |
| -- |
AVAILABLE |
| -- |
Apr 17, 2008 |
| -- |
024980 |
| -- |
International Publications |
| 995 ## - |
| -- |
SPECIAL COLLECTIONS |
| -- |
0.00 |
| -- |
026653 |
| -- |
CBU-MAIN LIBRARY (Kitwe) |
| -- |
1 |
| -- |
0.00 |
| -- |
IBRD(058)DL/1995 |
| -- |
1995 |
| -- |
AVAILABLE |
| -- |
Apr 17, 2008 |
| -- |
026653 |
| -- |
International Publications |
| 995 ## - |
| -- |
SPECIAL COLLECTIONS |
| -- |
0.00 |
| -- |
024979 |
| -- |
CBU-MAIN LIBRARY (Kitwe) |
| -- |
1 |
| -- |
0.00 |
| -- |
IBRD(058)DL/1992A |
| -- |
1992A |
| -- |
AVAILABLE |
| -- |
Apr 17, 2008 |
| -- |
024979 |
| -- |
International Publications |
| 995 ## - |
| -- |
SPECIAL COLLECTIONS |
| -- |
0.00 |
| -- |
03003091 |
| -- |
CBU-MAIN LIBRARY (Kitwe) |
| -- |
1 |
| -- |
0.00 |
| -- |
IBRD(058)DL/1990B |
| -- |
1990B |
| -- |
AVAILABLE |
| -- |
Nov 11, 2008 |
| -- |
Z03003091 |
| -- |
International Publications |
| 995 ## - |
| -- |
SPECIAL COLLECTIONS |
| -- |
0.00 |
| -- |
026522 |
| -- |
CBU-MAIN LIBRARY (Kitwe) |
| -- |
1 |
| -- |
0.00 |
| -- |
IBRD(058)DL/1996 |
| -- |
1996 |
| -- |
AVAILABLE |
| -- |
Apr 17, 2008 |
| -- |
026522 |
| -- |
International Publications |
| 995 ## - |
| -- |
SPECIAL COLLECTIONS |
| -- |
0.00 |
| -- |
020640 |
| -- |
CBU-MAIN LIBRARY (Kitwe) |
| -- |
1 |
| -- |
0.00 |
| -- |
IBRD(058)DL/1997 |
| -- |
1997 |
| -- |
AVAILABLE |
| -- |
Apr 17, 2008 |
| -- |
020640 |
| -- |
International Publications |
| 995 ## - |
| -- |
SPECIAL COLLECTIONS |
| -- |
0.00 |
| -- |
03003090 |
| -- |
CBU-MAIN LIBRARY (Kitwe) |
| -- |
1 |
| -- |
0.00 |
| -- |
IBRD(058)DL/1990A |
| -- |
1990A |
| -- |
AVAILABLE |
| -- |
Nov 11, 2008 |
| -- |
Z03003090 |
| -- |
International Publications |
| 995 ## - |
| -- |
SPECIAL COLLECTIONS |
| -- |
0.00 |
| -- |
026559 |
| -- |
CBU-MAIN LIBRARY (Kitwe) |
| -- |
1 |
| -- |
0.00 |
| -- |
IBRD(058)DL/1994 |
| -- |
1994 |
| -- |
AVAILABLE |
| -- |
Apr 17, 2008 |
| -- |
026559 |
| -- |
International Publications |
| 995 ## - |
| -- |
SPECIAL COLLECTIONS |
| -- |
0.00 |
| -- |
025239 |
| -- |
CBU-MAIN LIBRARY (Kitwe) |
| -- |
1 |
| -- |
0.00 |
| -- |
IBRD(058)DL/1993 |
| -- |
1993 |
| -- |
AVAILABLE |
| -- |
Apr 17, 2008 |
| -- |
025239 |
| -- |
International Publications |
| 999 ## - |
| -- |
63580 |
| -- |
63580 |